The SOCIO-economic aspects of private forest plantations in Peninsular Malaysia

Bibliographic Details
Corporate Authors: Japan International Cooperation Agency (JICA), Perak
Other Authors: Lim
Format: Book
Published: Kuala Lumpur : Forestry Department Peninsular Malaysia , 2002
Subjects:

MARC

LEADER 00000cam a2200000 7i4500
001 0000002543
005 20040225.0
090 0 0 |a JPSM634.956095951   |b SOC 2002 
245 0 4 |a The SOCIO-economic aspects of private forest plantations in Peninsular Malaysia   |c (Lim Hin Fui ... (et al.)) 
260 0 0 |a Kuala Lumpur :   |b Forestry Department Peninsular Malaysia ,   |c 2002 
300 |a xii, 137 p. :   |b col. ill. ;   |c 30 cm. 
500 0 0 |a Bibliography : p. 91-92 
650 0 0 |a Tree farms   |x Economic aspects   |z Peninsular Malaysia 
700 0 1 |a Lim   |h Hin Fui 
710 1 1 |a Japan International Cooperation Agency (JICA) 
710 1 1 |a Perak ,   |c Forestry Department 
998 |a JPSM 
999 |a 0000004818   |b Monograph   |c Open Shelf   |e Default branch 
999 |a 0000004819   |b Monograph   |c Open Shelf   |e Default branch 
999 |a 0000004920   |b Monograph   |c Open Shelf   |e Default branch 
999 |a 0000004921   |b Monograph   |c Open Shelf   |e Default branch 
999 |a 0000004922   |b Monograph   |c Open Shelf   |e Default branch